Camões no Oriente (Record no. 46089)

MARC details
000 -Etiqueta do registo
Valores 00378nam a2200157 4500
100 ## - Dados gerais de processamento
Dados gerais 20260507 pory50
101 ## - Língua de publicação
Língua por
102 ## - País de publicação
País PT
200 ## - Titulo e menção de responsabilidade
Título próprio Camões no Oriente
Primeira menção de responsabilidade Ana Maria Magalhães, Isabel Alçada
210 ## - Publicação
Local de publicação Lisboa
Nome do editor Fundação Jorge Álvares
Data de publicação 2026
215 ## - Descrição física 
Paginação / Volumes 139 p.
675 ## - CDU
Notação 82-93
801 ## - Fonte de origem
País PT
Regras de catalogação RPC
990 ## - Elementos KOHA
Tipo de documento Livro
Holdings
Aquisição Empréstimo Código de barras Cota Permissão de empréstimo Tipo de documento
Biblioteca do Centro Escolar de Montoito Biblioteca do Centro Escolar de Montoito 82978 82-93 AA.VV. LIT. INF. JUV.   Livro
Biblioteca do Centro Escolar de Redondo Biblioteca do Centro Escolar de Redondo 82980 82-93 AA.VV. LIT. INF. JUV.   Livro

Powered by Koha